书目信息 |
| 题名: |
公共道德
|
|
| 作者: | 王励 编著 | |
| 分册: | ||
| 出版信息: | 广州 广东世界图书出版公司 2010 |
|
| 页数: | 194页 | |
| 开本: | 23cm | |
| 丛书名: | 光辉书房新知文库 | |
| 单 册: | ||
| 中图分类: | D648.3 | |
| 科图分类: | ||
| 主题词: | 社会公德教育--she hui gong de jiao yu--中国--青年读物 | |
| 电子资源: | ||
| ISBN: | 978-7-5100-1466-6 | |
| 000 | 00855nam 2200265 450 | |
| 001 | 2346784772 | |
| 005 | 20231120201313.59 | |
| 010 | @a978-7-5100-1466-6@dCNY38.80 | |
| 100 | @a20100913d2010 em y0chiy50 ea | |
| 101 | 0 | @achi |
| 102 | @aCN@b440000 | |
| 105 | @aa z 000yy | |
| 200 | 1 | @a公共道德@Agong gong dao de@e知识与责任@f王励 ... [等] 编著 |
| 210 | @a广州@c广东世界图书出版公司@d2010 | |
| 215 | @a194页@c图@d23cm | |
| 225 | 2 | @a光辉书房新知文库@Aguang hui shu fang xin zhi wen ku@i绿色未来丛书 |
| 410 | 0 | @12001 @a光辉书房新知文库 |
| 410 | 0 | @12001 @a绿色未来丛书 |
| 517 | 1 | @a知识与责任@Azhi shi yu ze ren |
| 606 | 0 | @a社会公德教育@Ashe hui gong de jiao yu@y中国@j青年读物 |
| 690 | @aD648.3@v5 | |
| 701 | 0 | @a王励@Awang li@4编著 |
| 801 | 0 | @aCN@b山东中教@c20230926 |
| 801 | 0 | @aCN@b山东中教@c20230926 |
| 905 | @aBZT@dD648.3@e15 | |
| 公共道德:知识与责任/王励 ... [等] 编著.-广州:广东世界图书出版公司,2010 |
| 194页:图;23cm.-(光辉书房新知文库.绿色未来丛书) |
| ISBN 978-7-5100-1466-6:CNY38.80 |
| ● |
| 相关链接 |
|
|
|
正题名:公共道德
索取号:D648.3/15
 
预约/预借
| 序号 | 登录号 | 条形码 | 馆藏地/架位号 | 状态 | 备注 |
| 1 | 2000954849 | 2000954849 | 第四书库/四4架B面5层3列/ [索取号:D648.3/15] | 在馆 | |
| 2 | 2000954850 | 2000954850 | 第四书库/四4架B面5层3列/ [索取号:D648.3/15] | 在馆 | |
| 3 | 2000954851 | 2000954851 | 第四书库/四4架B面5层3列/ [索取号:D648.3/15] | 在馆 | |
| 4 | 2000954852 | 2000954852 | 第四书库/四4架B面5层3列/ [索取号:D648.3/15] | 在馆 | |
| 5 | 2000954853 | 2000954853 | 第四书库/四4架B面5层3列/ [索取号:D648.3/15] | 在馆 | |
| 6 | 2000954854 | 2000954854 | 第四书库/四4架B面5层3列/ [索取号:D648.3/15] | 在馆 |